Creation of Bangladesh : (Record no. 592356)
[ view plain ]
| 000 -LEADER | |
|---|---|
| fixed length control field | 01478cam a2200349 i 4500 |
| 001 - CONTROL NUMBER | |
| control field | 19456485 |
| 003 - CONTROL NUMBER IDENTIFIER | |
| control field | NUST |
| 005 - DATE AND TIME OF LATEST TRANSACTION | |
| control field | 20221117133450.0 |
| 008 - FIXED-LENGTH DATA ELEMENTS--GENERAL INFORMATION | |
| fixed length control field | 170118s2016 pk af b 000 0 eng |
| 010 ## - LIBRARY OF CONGRESS CONTROL NUMBER | |
| LC control number | 2017336003 |
| 020 ## - INTERNATIONAL STANDARD BOOK NUMBER | |
| International Standard Book Number | 9789692316903 |
| 025 ## - OVERSEAS ACQUISITION NUMBER | |
| Overseas acquisition number | P-E-2017336003; 33 |
| 037 ## - SOURCE OF ACQUISITION | |
| Source of stock number/acquisition | Library of Congress -- Islamabad Overseas Office |
| 040 ## - CATALOGING SOURCE | |
| Original cataloging agency | DLC |
| Language of cataloging | eng |
| Transcribing agency | DLC |
| Description conventions | rda |
| 042 ## - AUTHENTICATION CODE | |
| Authentication code | lcode |
| -- | pcc |
| 043 ## - GEOGRAPHIC AREA CODE | |
| Geographic area code | a-bg--- |
| -- | a-pk--- |
| 050 00 - LIBRARY OF CONGRESS CALL NUMBER | |
| Classification number | DS395.5 |
| Item number | .A336245 2016 |
| 082 ## - DEWEY DECIMAL CLASSIFICATION NUMBER | |
| Classification number | 974.889609, AHM |
| 100 1# - MAIN ENTRY--PERSONAL NAME | |
| Personal name | Ahmad, Junaid, |
| Dates associated with a name | 1953- |
| Relator term | author. |
| 9 (RLIN) | 29359 |
| 245 10 - TITLE STATEMENT | |
| Title | Creation of Bangladesh : |
| Remainder of title | myths exploded / |
| Statement of responsibility, etc. | Junaid Ahmad. |
| 264 #1 - PRODUCTION, PUBLICATION, DISTRIBUTION, MANUFACTURE, AND COPYRIGHT NOTICE | |
| Place of production, publication, distribution, manufacture | Karachi : |
| Name of producer, publisher, distributor, manufacturer | AJA Publishers, |
| Date of production, publication, distribution, manufacture, or copyright notice | 2016. |
| 300 ## - PHYSICAL DESCRIPTION | |
| Extent | 1 volume (various pagings), 46 unnumbered pages of plates : |
| Other physical details | illustrations ; |
| Dimensions | 24 cm |
| 336 ## - CONTENT TYPE | |
| Content type term | text |
| Content type code | txt |
| Source | rdacontent |
| 337 ## - MEDIA TYPE | |
| Media type term | unmediated |
| Media type code | n |
| Source | rdamedia |
| 338 ## - CARRIER TYPE | |
| Carrier type term | volume |
| Carrier type code | nc |
| Source | rdacarrier |
| 505 ## - FORMATTED CONTENTS NOTE | |
| Formatted contents note | Creation of Bangladesh Amid Myths and Fables (Page-1), Creation of Pakistan (Page-17), The Dismemberment Starts (Page-57), India;s Machinations (Page-95), The 1971 Insurgency (Page-139), Mukti Bahini - Its True Face (Page-183), Post Dismemberment (Page-223), way Forward (Page-267). |
| 651 #0 - SUBJECT ADDED ENTRY--GEOGRAPHIC NAME | |
| Geographic name | Bangladesh |
| General subdivision | History |
| Chronological subdivision | Revolution, 1971. |
| 651 #0 - SUBJECT ADDED ENTRY--GEOGRAPHIC NAME | |
| Geographic name | Pakistan |
| General subdivision | Politics and government |
| Chronological subdivision | 1971-1988. |
| 9 (RLIN) | 6629 |
| 906 ## - LOCAL DATA ELEMENT F, LDF (RLIN) | |
| a | 7 |
| b | cbc |
| c | origode |
| d | 3 |
| e | ncip |
| f | 20 |
| g | y-gencatlg |
| 942 ## - ADDED ENTRY ELEMENTS (KOHA) | |
| Source of classification or shelving scheme | |
| Koha item type | Book |
| Withdrawn status | Lost status | Source of classification or shelving scheme | Damaged status | Not for loan | Permanent Location | Current Location | Shelving location | Date acquired | Full call number | Barcode | Date last seen | Price effective from | Koha item type | Public note |
|---|---|---|---|---|---|---|---|---|---|---|---|---|---|---|
| Military College of Signals (MCS) | Military College of Signals (MCS) | General Stacks | 11/17/2022 | 974.889609,AHM | MCS38318 | 11/17/2022 | 11/17/2022 | Book | Almirah Fresh No.45, Shelf No.6 | |||||
| Military College of Signals (MCS) | Military College of Signals (MCS) | General Stacks | 11/17/2022 | 974.889609,AHM | MCS37984 | 11/17/2022 | 11/17/2022 | Book | Almirah No.62, Shelf No.6 |
